<?xml version="1.0" encoding="UTF-8"?>
<record
    xmlns:xsi="http://www.w3.org/2001/XMLSchema-instance"
    xsi:schemaLocation="http://www.loc.gov/MARC21/slim http://www.loc.gov/standards/marcxml/schema/MARC21slim.xsd"
    xmlns="http://www.loc.gov/MARC21/slim">

  <leader>00420nam a22001217a 4500</leader>
  <controlfield tag="008">240715b        |||||||| |||| 00| 0 eng d</controlfield>
  <datafield tag="040" ind1=" " ind2=" ">
    <subfield code="a">National Science Library</subfield>
    <subfield code="c">National Science Library</subfield>
  </datafield>
  <datafield tag="080" ind1=" " ind2=" ">
    <subfield code="a">R 05(430.2)</subfield>
    <subfield code="b">K7</subfield>
  </datafield>
  <datafield tag="245" ind1=" " ind2=" ">
    <subfield code="a">Schriftenreihen: </subfield>
    <subfield code="b">Aus den verlagen der deutschen demokratischen republik</subfield>
  </datafield>
  <datafield tag="260" ind1=" " ind2=" ">
    <subfield code="a">Herausageber: </subfield>
    <subfield code="b">Deutscher Buch Export Und Import Gmbh, </subfield>
    <subfield code="c">1967</subfield>
  </datafield>
  <datafield tag="300" ind1=" " ind2=" ">
    <subfield code="a">25p.</subfield>
  </datafield>
  <datafield tag="942" ind1=" " ind2=" ">
    <subfield code="2">udc</subfield>
    <subfield code="c">BK</subfield>
  </datafield>
  <datafield tag="999" ind1=" " ind2=" ">
    <subfield code="c">64443</subfield>
    <subfield code="d">64443</subfield>
  </datafield>
  <datafield tag="952" ind1=" " ind2=" ">
    <subfield code="0">0</subfield>
    <subfield code="1">0</subfield>
    <subfield code="2">udc</subfield>
    <subfield code="4">0</subfield>
    <subfield code="6">R_054302_K7</subfield>
    <subfield code="7">0</subfield>
    <subfield code="9">176113</subfield>
    <subfield code="a">NSL</subfield>
    <subfield code="b">NSL</subfield>
    <subfield code="c">GF/Rk-7/C-1/R-5</subfield>
    <subfield code="d">1968-01-04</subfield>
    <subfield code="l">0</subfield>
    <subfield code="o">R 05(430.2) K7</subfield>
    <subfield code="p">21741</subfield>
    <subfield code="r">2024-07-15 00:00:00</subfield>
    <subfield code="w">1968-01-04</subfield>
    <subfield code="y">BK</subfield>
  </datafield>
</record>
